Espresso 2 : (Record no. 200002330)
[ view plain ]
| 000 -LEADER | |
|---|---|
| fixed length control field | 01202 a2200325 4500 |
| 001 - CONTROL NUMBER | |
| control field | 200002330 |
| 003 - CONTROL NUMBER IDENTIFIER | |
| control field | TR-AnTOB |
| 005 - DATE AND TIME OF LATEST TRANSACTION | |
| control field | 20230824113353.0 |
| 008 - FIXED-LENGTH DATA ELEMENTS--GENERAL INFORMATION | |
| fixed length control field | 120616m20042006it 000 0 |
| 020 ## - INTERNATIONAL STANDARD BOOK NUMBER | |
| International Standard Book Number | 9788889237015 |
| 040 ## - CATALOGING SOURCE | |
| Original cataloging agency | TR-AnTOB |
| 041 ## - LANGUAGE CODE | |
| Language code of text/sound track or separate title | İtalyanca |
| 050 ## - LIBRARY OF CONGRESS CALL NUMBER | |
| Classification number | PC1065 |
| 099 ## - LOCAL FREE-TEXT CALL NUMBER (OCLC) | |
| Classification number | PCIT COU PB ZIG 2006 |
| 100 ## - MAIN ENTRY--PERSONAL NAME | |
| Personal name | Ziglio, Luciana |
| 9 (RLIN) | 70684 |
| 245 #0 - TITLE STATEMENT | |
| Title | Espresso 2 : |
| Remainder of title | esercizi supplementari / |
| Statement of responsibility, etc. | Luciana Ziglio, Albina Doliana. |
| 264 #1 - PRODUCTION, PUBLICATION, DISTRIBUTION, MANUFACTURE, AND COPYRIGHT NOTICE | |
| Place of production, publication, distribution, manufacture | Firenze: |
| Name of producer, publisher, distributor, manufacturer | Alma, |
| Date of production, publication, distribution, manufacture, or copyright notice | 2006. |
| 300 ## - PHYSICAL DESCRIPTION | |
| Extent | 115 p.: |
| Other physical details | ill. ; |
| Dimensions | 21 cm. |
| 500 ## - GENERAL NOTE | |
| General note | Livello : A1 e A2 |
| 505 ## - FORMATTED CONTENTS NOTE | |
| Formatted contents note | I.Introduzione -- II.La famiglia -- III.Da piccola -- IV.Non e bello cio che e bello -- V.Appuntamenti -- VI.Buon viaggio! -- VII.L'importante e mangiare bene! -- VIII. Mens sana... -- IX.II mondo del lavoro -- X.Casa dolce casa... -- XI.Incontri -- XII.Soluzioni. |
| 650 00 - SUBJECT ADDED ENTRY--TOPICAL TERM | |
| Topical term or geographic name entry element | Italian language |
| General subdivision | Study and teaching |
| 9 (RLIN) | 71372 |
| Topical term or geographic name entry element | İtalyan dili |
| General subdivision | Çalışma ve öğretim |
| Source of heading or term | etuturkob |
| 9 (RLIN) | 52327 |
| 700 1# - ADDED ENTRY--PERSONAL NAME | |
| Personal name | Caponecchia, Andrea |
| 9 (RLIN) | 70685 |
| Personal name | Segoloni, Sergio |
| 9 (RLIN) | 70686 |
| Personal name | Lange, Martin |
| 9 (RLIN) | 70687 |
| Personal name | Hansen, Astrid |
| 9 (RLIN) | 70688 |
| Personal name | Doliana, Albina |
| 9 (RLIN) | 71371 |
| 942 ## - ADDED ENTRY ELEMENTS (KOHA) | |
| Koha item type | Book |
| Withdrawn status | Lost status | Source of classification or shelving scheme | Not for loan | Collection code | Home library | Current library | Shelving location | Date acquired | Source of acquisition | Cost, normal purchase price | Serial Enumeration / chronology | Total Checkouts | Total Holds | Full call number | Barcode | Date last seen | Date last checked out | Copy number | Cost, replacement price | Date shelved | Koha item type |
|---|---|---|---|---|---|---|---|---|---|---|---|---|---|---|---|---|---|---|---|---|---|
| Ödünç Verilebilir / Available | Genel Koleksiyon | Merkez Kütüphane | Merkez Kütüphane | Genel Koleksiyon / Main Collection | 16/10/2010 | Satın Alma / Purchase | 0.00 | 1 | 2 | PCIT COU PB ZIG 2006 | 0034888 | 17/09/2019 | 14/09/2019 | 1 | 14.35 | 10/09/2010 | Book |
